000 00797nam a2200241 4500
003 OSt
005 20240611072021.0
006 a
008 240611b |||||||| |||| 00| 0 eng d
020 _a9789814410304
040 _aDWCL-Main lib.
_cOC
082 _2seventh edition
_aCirc. 657.024 H432a 2012
100 _aHeagy, Cynthia D.
245 _aAccounting information systems with practitioner’s emphasis /
250 _aseventh edition
260 _aSingapore :
_bCengage Learning Asia,
_cc2012.
300 _b495 p. : col. ill. ;
_c25 cm.
504 _aIncludes glossary & index.
650 _a1. Accounting–Data processing.
650 _a2. Information storage and retrieval systems–Accounting.
700 _aCynthia D. Heagy
942 _2ddc
_n0
_cBK-CIRC
_eseventh edition
_kCirc.
999 _c549
_d549